000 00634nam a2200205 u 4500
005 20210223132108.0
008 130531s2007 mx r 000 0 spa d
020 _a9789707851726
035 _aUPN01000191475
049 _aI
050 4 _aDS36.77
_bF3.2
100 1 _aFarah, Paulo Daniel
_935211
245 1 0 _aAbc del mundo árabe /
_cPaul Daniel Farah ; il. Alé Abreu ; tr. Henar L. Senovilla.
260 _aMéxico :
_bSM,
_c2007.
300 _a47 p. :
_bil. col.
534 _pTítulo original:
_tABC do mundo árabe
650 4 _aCIVILIZACION ARABE -
_vLITERATURA JUVENIL
_922932
905 _aInfantil
999 _c163578
_d163578